| 000 | 00967nam a22002417a 4500 | ||
|---|---|---|---|
| 003 | NALT | ||
| 005 | 20220124110405.0 | ||
| 008 | s2004 th ||||| |||| 00| 0 tha d | ||
| 020 | _a0444517138 | ||
| 040 | _aNALT | ||
| 090 |
_aAG 470 _bE47 2004 V.1 |
||
| 245 | 0 | 0 | _aElsevier's dictionary of economics, business, finance and law Russian - English part 1 : A-O. |
| 260 |
_aAmsterdam : _bElsevier, _c2004 |
||
| 300 |
_a2 V. ; _b25 cm. |
||
| 650 | 0 | 4 | _aRussian language -- Dictionaries -- English language |
| 650 | 0 | 4 | _aBusiness law -- Dictionaries -- Russian |
| 650 | 0 | 4 | _aFinance -- Dictionaries -- Russian |
| 650 | 0 | 4 | _aBusiness -- Dictionaries -- Russian |
| 650 | 0 | 4 | _aEconomics -- Dictionaries -- Russian |
| 650 | 0 | 4 | _aEconomics -- Dictionaries -- RussianBusiness -- Dictionaries -- RussianFinance -- Dictionaries -- RussianBusiness law -- Dictionaries -- RussianRussian language -- Dictionaries -- English language |
| 850 | _aNALT | ||
| 942 |
_cREF _2lcc |
||
| 999 |
_c45673 _d45673 |
||
| 998 |
_j109 _k อารีรัตน์ วิชาช่าง |
||